| 000 | 01295 a2200205 4500 | ||
|---|---|---|---|
| 001 | 54346 | ||
| 005 | 20260407155815.0 | ||
| 008 | 260407a1965 arg spa d | ||
| 003 | AR-UNSa-BCEJYS | ||
| 040 |
_aAR-UNSa-BCEJYS _bspa _cAR-UNSa-BCEJYS |
||
| 080 |
_a339.1 _xCuestiones generales del comercio. Mercados (Mercados Financieros) |
||
| 245 | 1 | 0 | _aEl comercio, la industria y la sociedad |
| 264 | 1 |
_aMéxico : _bLibreros Mexicanos Unidos _c1965 |
|
| 300 |
_a423 p. _c19 cm. |
||
| 505 | _a1. Introducción - 2. Los fundamentos del capitalismo - 3. Desarrollo de las instituciones comerciales en los Estados Unidos - 4. Filosofía de los negocios - 5. El mundo de los negocios y el gobierno - 6. Los negocios y la clase obrera - 7. Los negocios en una sociedad plural - 8. Conflictos entre la organización y el individuo - 9. El trabajo y el ocio en nuestra sociedad moderna - 10. Imagen de los negocios - 11. La cuestión de la estabilidad - 12. El comercio norteamericano y el panorama internacional - 13. Prosperidad: La economía norteamericana en los años de la posguerra - 14. Metas,valores y ética del mundo de los negocios - 15. El futuro de nuestro sistema comercial | ||
| 041 | _aspa | ||
| 942 | _cBK | ||
| 590 | _aniveau_biblio:m niveau_hierar:0 | ||
| 100 | 1 | _aMcGuire, Joseph W. | |
| 999 |
_c5508 _d5508 |
||